00591 2200253 4500001002100000005001500021035002000036008004100056020001800097082000800115084001400123100001800137245001900155250001500174260003800189300003300227650001100260990001100271990001100282990001100293990001100304990001100315990001100326INLIS00000000000240020260210110252 a0010-0621002000260210 0 ind  a979-489-540-7 a668 a668 L. m0 aL. Murbandono1 aMembuat Kompos aCetakan 33 aJakarta :bPenebar Swadaya,c2006 a54hl :bIlustrasi ;c20.5 Cm 4aKompos a031536 a031532 a031504 a031505 a031506 a031534